000
00226nam a2200097Ia 4500
008
190216s9999||||xx |||||||||||||| ||und||
100
_a
Lawrence C Kobb
245
0
_a
Noys Modern Clinical Phsycology
260
_b
Null
942
_c
BK
999
_c
1243
_d
1243